000 00562nam a2200181Ia 4500
003 GCL
008 140319s9999 xx 000 0 ara d
040 _aGCL /
_cGCL
082 0 4 _a658
_bم ا
100 1 _aمحيى الدين الازهرى
245 1 0 _aالادارة ودور المديرين اساسيات وسلوكيات /
_cمحيى الدين الازهرى
260 _a[S.N] :
_bدار الفكر العربى ،
_c1993
300 _a353 ص
490 _a
650 0 4 _aادارة الاعمال
650 0 4 _aالادارة
942 _2ddc
_cBK
999 _c53690
_d53690